Análisis comparativo de métodos de diseño de pavimentos flexibles.

Presenta el análisis comparativo de métodos de diseño de pavimentos flexibles, mediante la comparación de los métodos de diseño de pavimento, desde la perspectiva de su aplicación en carreteras de bajo volumen, así mismo la presentación de un catálogo de secciones de estructuras de pavimen...

Full description

Bibliographic Details
Main Authors: López Poveda, Luis de León, Mondragón Casco, Oscar Antonio
Other Authors: Tutor: Chávez, Oswaldo
Format: Tesis Section = Libro
Language:Undetermined
Spanish
Published: Managua UNI 2003
Subjects:
LEADER 01396nam a2200265Ia 4500
008 240830s9999 xx 000 0 und d
040 |a BIBLIOTECA-RUPAP Mon 625.8 L864 
041 |a spa 
082 |a Mon 625.8 L864 
100 1 |a López Poveda, Luis de León 
100 1 |b  Mondragón Casco, Oscar Antonio 
245 1 0 |a Análisis comparativo de métodos de diseño de pavimentos flexibles. 
260 |a Managua  |b UNI  |c 2003 
300 |a 118 p. :il. 
500 |a Contiene: anexos. 
502 |a Tesis (Ingeniero Civil)- UNI, 2003. 
520 3 |a Presenta el análisis comparativo de métodos de diseño de pavimentos flexibles, mediante la comparación de los métodos de diseño de pavimento, desde la perspectiva de su aplicación en carreteras de bajo volumen, así mismo la presentación de un catálogo de secciones de estructuras de pavimento, basados en el método Murillo López de Souza, se presentan los métodos de diseño apropiados para Nicaragua, se analizaron en cada método las variables involucradas y se presentó el análisis de trafico presente y el proyectado principalmente en la red vial con bajo volumen. 
650 7 |a PAVIMENTOS 
650 7 |b PAVIMENTOS DE ASFALTO 
650 7 |c PAVIMENTOS FLEXIBLES 
650 7 |d CARRETERAS-MANTENIMIENTO Y REPARACION 
700 1 |a Tutor:  |b Chávez, Oswaldo 
942 |c BK  |2 ddc 
991 |a TESIS 
999 |c 16036